| 000 | 00725cam a2200253 4500 | ||
|---|---|---|---|
| 001 | 22382 | ||
| 003 | BD-RjUL | ||
| 005 | 20211209000811.0 | ||
| 008 | 140308s1964 ii a 000 1 eng d | ||
| 035 | _a(OCoLC)ocm00702544 | ||
| 035 | _a(BD-RjUL)22447 | ||
| 040 |
_aVTU _cVTU _dYSM _dPAU _dBD-RjUL _beng |
||
| 041 | _aeng | ||
| 082 | 0 | 0 |
_a892.19 _bMAD 1964 |
| 099 | _aM426 | ||
| 100 | 1 |
_aMathur, Jagdish Chandra, _d1917-1978. _969108 |
|
| 245 | 1 | 0 |
_aDrama in rural India / _cJ. C. Mathur. |
| 260 |
_aBombay : _bIndian Council for Cultural Relations, _cc1964. |
||
| 300 |
_a121 p. : _billus. ; _c25 cm. |
||
| 504 | _aIncludes bibliography. | ||
| 650 | 0 |
_aTheater _zIndia. _969109 |
|
| 942 |
_2ddc _cBK |
||
| 999 |
_c22382 _d22382 |
||